Music Quiz

Random Music or Song Quiz

'N Sync or Backstreet Boys Quiz Stats

Quiz Updated Oct 12, 2017

Also try: Boy Band Members
Challenge
Share
Tweet
Embed
Score 0/20 Timer 04:00
4 Plays Today
% Correct
'N Sync
87.3%
Backstreet Boys
86.9%
'N Sync
84.6%
Backstreet Boys
83.2%
Backstreet Boys
81.5%
Backstreet Boys
81.5%
Backstreet Boys
81.2%
'N Sync
80.9%
'N Sync
77.9%
Backstreet Boys
76%
% Correct
'N Sync
71.9%
Backstreet Boys
71.9%
Backstreet Boys
71.4%
Backstreet Boys
69.9%
'N Sync
69.1%
'N Sync
67%
'N Sync
65.7%
'N Sync
58.5%
'N Sync
56.2%
Backstreet Boys
55.6%

You're not logged in!

Compare scores with friends on all Sporcle quizzes.
Join for Free
OR
Log In

You Might Also Like...

Show Comments

Extras

Top Quizzes Today


Score Distribution

Your Account Isn't Verified!

In order to create a playlist on Sporcle, you need to verify the email address you used during registration. Go to your Sporcle Settings to finish the process.

Report this User

Report this user for behavior that violates our Community Guidelines.

Details: